|
|
|
|
| LEADER |
00000nam0a2200000 4500 |
| 001 |
319159 |
| 005 |
20231102003143.0 |
| 035 |
|
|
|a (RuTPU)RU\TPU\book\344664
|
| 090 |
|
|
|a 319159
|
| 100 |
|
|
|a 20160520d1888 m y0rusy50 ca
|
| 101 |
0 |
|
|a rus
|
| 102 |
|
|
|a RU
|
| 105 |
|
|
|a a j 000zy
|
| 200 |
1 |
|
|a Эксплуатация железных дорог. Служба подвижного состава тяги
|f Л. Ф. Шухтан
|g Институт инженеров путей сообщения императора Александра I
|
| 210 |
|
|
|a Санкт-Петербург
|c Типография Ю. Н. Эрлих
|d 1888
|
| 215 |
|
|
|a 164 с.
|c с 5 листами черт.
|
| 300 |
|
|
|a Печатано по распоряжению Института инженеров путей сообщения Императора Александра I.
|
| 300 |
|
|
|a Текст в русской дореформенной орфографии
|
| 317 |
|
|
|5 63413507: М-132054
|a Поступила в НТБ в 1970 г. в составе книжного собрания профессора ТПИ И. Н. Бутакова
|
| 317 |
|
|
|5 63413507: М-132054
|a Владельческий знак: "Из книг инженера И. Н. Бутакова"
|
| 606 |
1 |
|
|a Железные дороги
|x Эксплуатация
|2 stltpush
|3 (RuTPU)RU\TPU\subj\10443
|9 37515
|
| 610 |
1 |
|
|a подвижной состав
|
| 610 |
1 |
|
|a железнодорожные мастерские
|
| 610 |
1 |
|
|a депо
|
| 610 |
1 |
|
|a паровозы
|
| 610 |
1 |
|
|a вагоны
|
| 610 |
1 |
|
|a история
|
| 610 |
1 |
|
|a 19 век
|
| 610 |
1 |
|
|a библиотека И. Н. Бутакова
|
| 610 |
1 |
|
|a владельческие знаки
|
| 675 |
|
|
|a 656.21
|v 4
|
| 700 |
|
1 |
|a Шухтан
|b Л. Ф.
|
| 712 |
0 |
2 |
|a Институт инженеров путей сообщения императора Александра I
|c (Санкт-Петербург)
|c (1877-1924)
|2 stltpush
|3 (RuTPU)RU\TPU\col\13502
|9 25700
|
| 801 |
|
1 |
|a RU
|b 63413507
|c 20160520
|
| 801 |
|
2 |
|a RU
|b 63413507
|c 20190722
|g RCR
|
| 942 |
|
|
|c BK
|